Československé právne dejiny (1918-1992) text a pramene

Bibliographic Details
Main Authors: Vojáček, Ladislav, 1952- (Author), Kolárik, Jozef, 1975- (Author), Gábriš, Tomáš, 1981- (Author)
Format: Book
Language:Slovak
Czech
PhysicalDescription:424 s. tab. 21 cm
Published: Bratislava Žilina Paneurópska vysoká škola Eurokódex 2011
ISBN:9788089447428
Edition:1. vyd.
Subjects:

MARC

LEADER 00000cam a2200000 a 4500
001 vtls010281553
003 SK-MaSNL
005 20260311133102.0
008 240318s2011 xo l d bp 000 0 slo
015 |a SNBA2011/08-04343 
020 |a 9788089447428  |q (brož.) 
035 |a 4820A33C-0E55-4052-8B06-DC245B579595 
035 |a urn:nbn:sk:snk-amjhyf 
035 |a urn:nbn:sk:snk-am002gm4 
040 |a SNK  |b slo  |c SNK  |e AACR2 
041 0 |a slo  |a cze 
043 |a e-cs--- 
044 |a xo  |c SK 
072 7 |a 34  |x Právo  |2 konspekt 
072 7 |a 37.016  |x Učebné osnovy. Vyučovacie predmety. Učebnice  |2 konspekt 
080 |a 34(091)  |2 2001 
080 |a 321:34  |2 2001 
080 |a (437)  |2 2001 
080 |a (075.8)  |2 2001 
100 1 |a Vojáček, Ladislav,  |d 1952-  |4 aut  |9 11809 
245 1 0 |a Československé právne dejiny (1918-1992)  |b text a pramene  |c Ladislav Vojáček, Jozef Kolárik, Tomáš Gábriš 
250 |a 1. vyd. 
260 |a Bratislava  |b Paneurópska vysoká škola  |a Žilina  |b Eurokódex  |c 2011 
300 |a 424 s.  |b tab.  |c 21 cm 
504 |a Bibliogr. odkazy. Bibliogr. s. 391-410. Pozn. Zoz. skrat. 
546 |a Čiast. text čes. 
648 7 |a 1918-1992  |2 SNKPH  |9 310862 
650 0 7 |a právne dejiny  |2 SNKPH  |9 977 
650 0 7 |a štát a právo  |2 SNKPH  |9 78088 
650 0 7 |a History of law  |2 SNKPHeng  |9 266462 
650 0 7 |a State and law  |2 SNKPHeng  |9 266117 
651 7 |a Československo  |2 SNKPHgeo  |9 21376 
651 7 |a Czechoslovakia  |2 SNKPHeng  |9 265183 
655 7 |a učebnice vysokých škôl  |2 SNKPH  |9 70191 
655 7 |a Textbooks (higher)  |2 SNKPHeng  |9 276436 
700 1 |a Kolárik, Jozef,  |d 1975-  |4 aut  |9 227108 
700 1 |a Gábriš, Tomáš,  |d 1981-  |4 aut  |9 186703 
852 |a Štátna vedecká knižnica v Banskej Bystrici 
919 |a 978-80-89447-42-8 
958 |a OND 
968 |d 34 
999 |c 835751  |d 837681 
952 |a SNK  |b SNK  |y PREZ  |7 0  |p 17A0703725  |o snkSC 145656  |i snk2011/12474  |8 0  |0 0  |1 0  |4 0  |d 2011-05-30  |l 0  |r 2025-07-15 00:00:00  |w 2026-02-24 
952 |a SNK  |b SNK  |y VYP  |7 0  |p 17A0703726  |o snkSC 145656 D1  |i snk2011/12477  |8 0  |0 0  |1 0  |4 0  |d 2011-05-30  |l 0  |r 2026-02-24 03:52:41  |w 2026-02-24